The new competitor intelligence : (Record no. 345010)
[ view plain ]
| 000 -LEADER | |
|---|---|
| fixed length control field | 02251 a2200205 4500 |
| 020 ## - INTERNATIONAL STANDARD BOOK NUMBER | |
| International Standard Book Number | 0471585092 |
| 020 ## - INTERNATIONAL STANDARD BOOK NUMBER | |
| International Standard Book Number | 9780471585091 |
| 082 04 - DEWEY DECIMAL CLASSIFICATION NUMBER | |
| Classification number | 658.47 |
| 090 ## - LOCALLY ASSIGNED LC-TYPE CALL NUMBER (OCLC); LOCAL CALL NUMBER (RLIN) | |
| -- | 2515 |
| -- | 2515 |
| 100 1# - MAIN ENTRY--PERSONAL NAME | |
| Personal name | Fuld, Leonard M. |
| 245 14 - TITLE STATEMENT | |
| Title | The new competitor intelligence : |
| Remainder of title | the complete resource for finding, analyzing, and using information about your competitors / |
| Statement of responsibility, etc. | Leonard M. Fuld. |
| 250 ## - EDITION STATEMENT | |
| Edition statement | 2nd ed. |
| 260 ## - PUBLICATION, DISTRIBUTION, ETC. | |
| Place of publication, distribution, etc. | [S.l.] : |
| Name of publisher, distributor, etc. | Wiley, |
| Date of publication, distribution, etc. | 1994. |
| 300 ## - PHYSICAL DESCRIPTION | |
| Extent | 512 p. ; |
| Dimensions | 26 cm. |
| 500 ## - GENERAL NOTE | |
| General note | Paperback. |
| 520 ## - SUMMARY, ETC. | |
| Summary, etc. | How to find and use the up-to-the-minute intelligence you need to win your fight for market share and glory! How do I analyze a private company's true costs? When does the competition plan to roll out its new product and in what quantity? What are our customers' long-term strategies? What new technologies or products does the competition have on its drawing boards? The New Competitor Intelligence shows where you can get the answers to these and most other questions you have about what the competition is up to. Learn, through easy-to-use techniques, how to analyze competitor information from the many print, database, and CD-ROM sources described in this book. "Forget the Internet. Fuld has created an intelligence gold mine that will help you get all the business information you will ever need." Al Ries Chairman, Trout & Ries Coauthor of Marketing Warfare and Positioning: The Battle for Your Mind "A powerful and practical guide that will show any decision maker how to stay competitive in today's business world." Herb Baum President and Chief Executive Officer Quaker State Motor Oil "The New Competitor Intelligence unlocks the vaults of all the 'open' secrets of your competitors." Domenico A. Fanelli, Managing Director AMA International Management Centre, Europe "This book gives you practical, effective benchmarking tools all within your reach and your budget." Philip B. Crosby Author of Quality Is Free and Completeness: Quality for the 21st C |
| 856 ## - ELECTRONIC LOCATION AND ACCESS | |
| Materials specified | Amazon.com |
| Uniform Resource Identifier | <a href="http://www.amazon.com/exec/obidos/ASIN/0471585092/chopacon">http://www.amazon.com/exec/obidos/ASIN/0471585092/chopacon</a> |
| 856 ## - ELECTRONIC LOCATION AND ACCESS | |
| Materials specified | Amazon customer reviews |
| Uniform Resource Identifier | <a href="http://www.chopac.org/cgi-bin/tools/azrev.pl?q=047">http://www.chopac.org/cgi-bin/tools/azrev.pl?q=047</a> |
| 942 ## - ADDED ENTRY ELEMENTS (KOHA) | |
| Institution code [OBSOLETE] | NBS |
| Koha item type | Book |
| Call number prefix | 658.47 FUL |
| Withdrawn status | Lost status | Damaged status | Not for loan | Permanent Location | Current Location | Date acquired | Total Checkouts | Full call number | Barcode | Date last seen | Price effective from | Koha item type |
|---|---|---|---|---|---|---|---|---|---|---|---|---|
| Central Library (CL) | Central Library (CL) | 08/28/2013 | 658.47 FUL | NBS5784 | 08/28/2013 | 08/28/2013 | Book | |||||
| Central Library (CL) | Central Library (CL) | 08/28/2013 | 658.47 FUL | NBS5783 | 08/28/2013 | 08/28/2013 | Book |
